[Event "Thanksgiving op"]
[Site "Toronto CAN"]
[Date "2011.10.10"]
[Round "6"]
[White "Plotkin, Victor"]
[Black "Inigo, Aquino"]
[Result "1-0"]
[WhiteElo "2387"]
[BlackElo "2154"]
[PlyCount "72"]
[GameId "2160767909648032"]
[EventDate "2011.10.08"]
[EventType "swiss"]
[EventRounds "6"]
[EventCountry "CAN"]
[SourceTitle "EXT 2022"]
[Source "ChessBase"]
[SourceDate "2021.10.06"]
[SourceVersion "1"]
[SourceVersionDate "2021.10.06"]
[SourceQuality "1"]

1. e4 e6 2. d4 d5 3. Nc3 Bb4 4. exd5 exd5 5. Bd3 Nf6 6. Nge2 O-O 7. O-O c6 8. Bg5 Nbd7 9. Ng3 h6 10. Bf4 Re8 11. a3 Ba5 12. Nf5 Bc7 13. Bxc7 Qxc7 14. Qf3 Nf8 15. Nxh6+ gxh6 16. Qxf6 Re6 17. Qh4 Qe7 18. Qxe7 Rxe7 19. Rfe1 Rxe1+ 20. Rxe1 Ne6 21. Ne2 Bd7 22. c3 Ng7 23. Ng3 Kf8 24. f4 Rd8 25. Kf2 Bc8 26. Kf3 Rd6 27. Nf1 f5 28. h3 h5 29. Re5 Rf6 30. Ne3 Kf7 31. g3 Bd7 32. Ng2 Bc8 33. Nh4 Bd7 34. Kf2 Bc8 35. Nf3 Kg6 36. g4 hxg4 1-0

[Event "Thanksgiving op"]
[Site "Toronto CAN"]
[Date "2011.10.10"]
[Round "6"]
[White "Yang, Bryant"]
[Black "Siddeley, Hugh"]
[Result "1-0"]
[WhiteElo "1669"]
[BlackElo "2024"]
[PlyCount "161"]
[GameId "2160767909648033"]
[EventDate "2011.10.08"]
[EventType "swiss"]
[EventRounds "6"]
[EventCountry "CAN"]
[SourceTitle "EXT 2022"]
[Source "ChessBase"]
[SourceDate "2021.10.06"]
[SourceVersion "1"]
[SourceVersionDate "2021.10.06"]
[SourceQuality "1"]

1. e4 c5 2. Nf3 Nc6 3. d4 cxd4 4. Nxd4 g6 5. Nc3 Bg7 6. Be3 Nf6 7. f3 O-O 8. Qd2 d5 9. O-O-O Nxd4 10. Bxd4 dxe4 11. Nxe4 Nxe4 12. fxe4 e5 13. Be3 Qc7 14. Bd3 a5 15. Bh6 Bxh6 16. Qxh6 a4 17. a3 Ra5 18. Qd2 Be6 19. Kb1 Rc5 20. Rc1 Rc8 21. Rhe1 b5 22. h3 Rb8 23. g4 Rb6 24. Qb4 Qc6 25. Qd2 Qd7 26. Qb4 Qc8 27. Qa5 Rb7 28. Qb4 Bc4 29. Qd2 Qe6 30. Qb4 Rc8 31. Qd2 Qe7 32. Qb4 Qg5 33. Rcd1 Qh4 34. Rh1 Qg3 35. Qe1 Qxe1 36. Rhxe1 b4 37. Kc1 bxa3 38. bxa3 Rbc7 39. Re2 h6 40. Bxc4 Rxc4 41. Rd3 Kg7 42. h4 R8c6 43. g5 R6c5 44. Rf3 Rc3 45. Ref2 Rxf3 46. Rxf3 hxg5 47. hxg5 Rc4 48. Re3 f6 49. gxf6+ Kxf6 50. Kd2 Kg5 51. Rg3+ Kh5 52. Kd3 Rd4+ 53. Ke3 g5 54. Rh3+ Kg4 55. Rh1 Rc4 56. Kd3 Rc5 57. c4 Rc8 58. Rg1+ Kh5 59. Rh1+ Kg6 60. Rg1 Rb8 61. c5 Rb3+ 62. Kc4 Rxa3 63. c6 Ra2 64. Rc1 Rf2 65. c7 Rf8 66. Kd5 Rc8 67. Kxe5 a3 68. Kd6 Kf6 69. e5+ Kf5 70. e6 a2 71. e7 g4 72. Kd7 Ra8 73. Ra1 g3 74. e8=Q Ra7 75. Qf7+ Kg4 76. Rxa2 Rxa2 77. Qxa2 Kf3 78. c8=Q g2 79. Qc6+ Ke3 80. Qaxg2 Kd4 81. Qge4# 1-0

[Event "Thanksgiving op U1600"]
[Site "Toronto CAN"]
[Date "2011.10.08"]
[Round "1"]
[White "Molev, Daniel"]
[Black "Kaneshalingam, Mathanhe"]
[Result "1-0"]
[WhiteElo "1369"]
[BlackElo "956"]
[PlyCount "33"]
[GameId "2160767909648034"]
[EventDate "2011.10.08"]
[EventType "swiss"]
[EventRounds "6"]
[EventCountry "CAN"]

1. e4 c5 2. Nf3 Nc6 3. Bc4 e5 4. Nc3 Be7 5. O-O Nf6 6. d3 O-O 7. Nd5 Nxd5 8. exd5 Nd4 9. Nxe5 d6 10. Ng4 Qd7 11. Ne3 b5 12. Bb3 Ba6 13. c3 Nxb3 14. Qxb3 Rac8 15. c4 b4 16. Qd1 Bf6 17. a3 1-0

[Event "Thanksgiving op U1600"]
[Site "Toronto CAN"]
[Date "2011.10.08"]
[Round "1"]
[White "Xu, Jeffrey"]
[Black "Sirkovich, Daniel"]
[Result "1/2-1/2"]
[WhiteElo "1414"]
[BlackElo "1290"]
[PlyCount "91"]
[GameId "2160767909648035"]
[EventDate "2011.10.08"]
[EventType "swiss"]
[EventRounds "6"]
[EventCountry "CAN"]

1. e4 c5 2. Nf3 d6 3. d4 cxd4 4. Nxd4 Nf6 5. Nc3 g6 6. Be2 Bg7 7. O-O O-O 8. Be3 Nc6 9. Qd2 Bd7 10. f4 a6 11. a4 Rc8 12. Nb3 Be6 13. Nd4 Nxd4 14. Bxd4 Qa5 15. Qe3 Qc7 16. Rfd1 Bc4 17. Bxc4 Qxc4 18. h3 Rfe8 19. a5 Nd7 20. Bxg7 Kxg7 21. Qd4+ Qxd4+ 22. Rxd4 Nc5 23. Rc1 Ne6 24. Rb4 Nxf4 25. Rf1 Ne6 26. Rxb7 Nd4 27. Rf2 Nc6 28. Rb6 Nxa5 29. Rxa6 Nc4 30. Nd1 Ra8 31. Rc6 Ne5 32. Rc3 Ra1 33. Rf1 Rd8 34. Ne3 Rxf1+ 35. Kxf1 Re8 36. Rc7 h6 37. Ke2 e6 38. b4 Rb8 39. c3 Kf6 40. h4 h5 41. Ra7 Rc8 42. Ra3 Nc4 43. Nxc4 Rxc4 44. Kd3 d5 45. exd5 exd5 46. Ra5 1/2-1/2

[Event "Thanksgiving op U1600"]
[Site "Toronto CAN"]
[Date "2011.10.08"]
[Round "2"]
[White "Oganesyan, Hayk"]
[Black "Molev, Daniel"]
[Result "0-1"]
[WhiteElo "1332"]
[BlackElo "1369"]
[PlyCount "71"]
[GameId "2160767909648036"]
[EventDate "2011.10.08"]
[EventType "swiss"]
[EventRounds "6"]
[EventCountry "CAN"]

1. e4 e6 2. d4 d5 3. Nc3 Bb4 4. e5 c5 5. a3 cxd4 6. axb4 dxc3 7. Qg4 cxb2 8. Bxb2 g6 9. Nf3 Bd7 10. h4 h5 11. Qf4 Nh6 12. c4 dxc4 13. Bxc4 Qb6 14. O-O Bc6 15. Qf6 Rf8 16. Ba3 Bb5 17. Bxb5+ Qxb5 18. Nd4 Qd7 19. b5 Ng8 20. Qf4 Ne7 21. Rfd1 Rh8 22. Nf5 Nd5 23. Ng7+ Kd8 24. Qg5+ Kc7 25. Rdc1+ Nc6 26. Bd6+ Kc8 27. bxc6 bxc6 28. Qd2 Rh7 29. Nxe6 fxe6 30. Ra6 Kb7 31. Qa5 Qd8 32. Qa4 Qe8 33. Raxc6 Rc8 34. Qa6+ Ka8 35. Rxc8+ Qxc8 36. Qxc8# 0-1

[Event "Thanksgiving op U1600"]
[Site "Toronto CAN"]
[Date "2011.10.08"]
[Round "2"]
[White "Sirkovich, Daniel"]
[Black "Johnson, Alexandre"]
[Result "0-1"]
[WhiteElo "1290"]
[BlackElo "1493"]
[PlyCount "70"]
[GameId "2160767909648037"]
[EventDate "2011.10.08"]
[EventType "swiss"]
[EventRounds "6"]
[EventCountry "CAN"]

1. e4 e6 2. d4 d5 3. e5 c5 4. c3 Nc6 5. Nf3 cxd4 6. cxd4 Nge7 7. Nc3 a6 8. Be2 Nf5 9. Qd3 Qb6 10. O-O Ncxd4 11. Nxd4 Qxd4 12. Qxd4 Nxd4 13. Bd3 Bd7 14. Rd1 Bb4 15. Bd2 O-O 16. Nxd5 Bxd2 17. Nb6 Bf4 18. Nxa8 Rxa8 19. Bxh7+ Kxh7 20. Rxd4 Bxe5 21. Rxd7 Bxb2 22. Rb1 Rc8 23. g3 Be5 24. Rdxb7 Kg6 25. R1b3 Bd4 26. Rd3 e5 27. Rf3 f6 28. Ra3 Rc1+ 29. Kg2 Rc2 30. Rb1 Rxf2+ 31. Kh3 Kh5 32. g4+ Kg5 33. Kg3 Rc2 34. Rf1 e4 35. Rxa6 Be5+ 0-1

[Event "Thanksgiving op U1600"]
[Site "Toronto CAN"]
[Date "2011.10.08"]
[Round "3"]
[White "Molev, Daniel"]
[Black "Xu, Jeffrey"]
[Result "1/2-1/2"]
[WhiteElo "1369"]
[BlackElo "1414"]
[PlyCount "136"]
[GameId "2160767909648038"]
[EventDate "2011.10.08"]
[EventType "swiss"]
[EventRounds "6"]
[EventCountry "CAN"]

1. e4 c5 2. Nf3 d6 3. Bc4 e6 4. Nc3 Nc6 5. d4 cxd4 6. Nxd4 Bd7 7. Be3 Nf6 8. Qd2 Be7 9. h3 Nxd4 10. Bxd4 Bc6 11. f3 a6 12. g4 h6 13. O-O-O e5 14. Be3 Qc7 15. Qf2 b5 16. Bb3 Rb8 17. g5 hxg5 18. Bxg5 a5 19. Bxf6 Bxf6 20. Nd5 Bxd5 21. Bxd5 b4 22. Kb1 a4 23. Qe2 a3 24. Qc4 Qxc4 25. Bxc4 O-O 26. Rxd6 Rfc8 27. b3 Rd8 28. Rhd1 Rxd6 29. Rxd6 Rd8 30. Rxd8+ Bxd8 31. c3 Be7 32. cxb4 Bxb4 33. Kc2 Kf8 34. Kd3 f6 35. Bd5 Ke7 36. Kc4 Bd2 37. b4 Bc1 38. Kb5 Kd7 39. h4 Kc7 40. Ka6 Be3 41. b5 Bb6 42. h5 Be3 43. Ka5 Bc1 44. b6+ Kb8 45. Kb5 Bd2 46. Kc6 Be3 47. b7 Bd2 48. Kd7 Be3 49. Kc6 Bc1 50. Kb5 Bd2 51. Kc4 Kc7 52. Kd3 Bc1 53. Bc6 Kb8 54. Kc3 Bb2+ 55. Kc4 Bc1 56. Kd5 Bh6 57. Kc5 Bc1 58. Kb6 Be3+ 59. Ka6 Bd2 60. Bd7 Be3 61. Bc8 Bd2 62. Kb5 Bc1 63. Kb4 Bb2 64. Kb3 Bc1 65. Kc2 Bb2 66. Kd2 Kc7 67. Ke2 Bc1 68. Kf2 Kb8 1/2-1/2

[Event "Thanksgiving op U1600"]
[Site "Toronto CAN"]
[Date "2011.10.08"]
[Round "3"]
[White "Sirkovich, Daniel"]
[Black "Paraparan, Varshini"]
[Result "1-0"]
[WhiteElo "1290"]
[BlackElo "927"]
[PlyCount "95"]
[GameId "2160767909648039"]
[EventDate "2011.10.08"]
[EventType "swiss"]
[EventRounds "6"]
[EventCountry "CAN"]

1. e4 e5 2. Nf3 Nc6 3. Bc4 Bc5 4. Nc3 Nf6 5. d3 h6 6. O-O O-O 7. Be3 Bb6 8. h3 d6 9. Qd2 Bxe3 10. Qxe3 Be6 11. Bb3 Qd7 12. Bxe6 Qxe6 13. a3 d5 14. exd5 Nxd5 15. Nxd5 Qxd5 16. Rfe1 Rfe8 17. Qe4 Qxe4 18. Rxe4 Re6 19. Rae1 Rae8 20. Kf1 Nd4 21. Nxd4 exd4 22. Rxe6 Rxe6 23. Rxe6 fxe6 24. Ke2 Kf7 25. Kf3 Kf6 26. Ke4 c5 27. c3 dxc3 28. bxc3 g5 29. g3 h5 30. f3 a5 31. a4 b6 32. c4 h4 33. g4 Kf7 34. Ke5 Ke7 35. f4 gxf4 36. Kxf4 Kf6 37. g5+ Kg6 38. Kg4 e5 39. Kxh4 Kg7 40. Kg4 Kg6 41. h4 Kg7 42. Kf5 Kf7 43. h5 Kg8 44. Kxe5 Kh7 45. Kf6 Kg8 46. g6 Kh8 47. Kf7 b5 48. g7+ 1-0

[Event "Thanksgiving op U1600"]
[Site "Toronto CAN"]
[Date "2011.10.09"]
[Round "4"]
[White "Molev, Daniel"]
[Black "Sirkovich, Daniel"]
[Result "0-1"]
[WhiteElo "1369"]
[BlackElo "1290"]
[PlyCount "55"]
[GameId "2160767909648040"]
[EventDate "2011.10.08"]
[EventType "swiss"]
[EventRounds "6"]
[EventCountry "CAN"]

1. e4 c5 2. Nf3 d6 3. Bc4 Nf6 4. Nc3 g6 5. d4 cxd4 6. Nxd4 Bg7 7. Be3 Ng4 8. Bb5+ Kf8 9. Bd2 Bxd4 10. h3 Bxc3 11. Bxc3 Nf6 12. e5 Ne4 13. Bb4 Qb6 14. Qe2 dxe5 15. O-O-O f6 16. Rhf1 Be6 17. f4 Ng3 18. Qd3 Nxf1 19. fxe5 Qe3+ 20. Qxe3 Nxe3 21. exf6 Nxd1 22. fxe7+ Kf7 23. Kxd1 Nc6 24. Bc3 Rhe8 25. Bxc6 bxc6 26. Bb4 Rxe7 27. Bxe7 Kxe7 28. Ke2 0-1

[Event "Thanksgiving op U1600"]
[Site "Toronto CAN"]
[Date "2011.10.09"]
[Round "5"]
[White "Sirkovich, Daniel"]
[Black "Wang, Constance"]
[Result "0-1"]
[WhiteElo "1290"]
[BlackElo "1373"]
[PlyCount "44"]
[GameId "2160767909648041"]
[EventDate "2011.10.08"]
[EventType "swiss"]
[EventRounds "6"]
[EventCountry "CAN"]

1. e4 e5 2. Nf3 Nc6 3. Bc4 Bc5 4. Nc3 Nf6 5. d3 d6 6. O-O Bg4 7. h3 Bh5 8. Bb5 Qd7 9. Nd5 O-O-O 10. Bxc6 bxc6 11. Nxf6 gxf6 12. Be3 Bb6 13. a4 Rhg8 14. Kh1 Bxe3 15. fxe3 Rg3 16. Nxe5 Rxh3+ 17. Kg1 fxe5 18. Qd2 Rg8 19. Rf2 Rhg3 20. Kh2 Qg4 21. b4 Qh4+ 22. Kg1 Bf3 0-1

[Event "Thanksgiving op U1600"]
[Site "Toronto CAN"]
[Date "2011.10.10"]
[Round "6"]
[White "Guo, Richard"]
[Black "Sobrepere, Josep"]
[Result "0-1"]
[WhiteElo "1129"]
[BlackElo "1223"]
[PlyCount "72"]
[GameId "2160767909648042"]
[EventDate "2011.10.08"]
[EventType "swiss"]
[EventRounds "6"]
[EventCountry "CAN"]

1. e4 c5 2. Nf3 d6 3. d4 cxd4 4. Nxd4 Nf6 5. Nc3 g6 6. Be2 Bg7 7. Be3 O-O 8. Qd2 Nc6 9. O-O Nxd4 10. Bxd4 Be6 11. Nd5 Nxe4 12. Qd3 Nc5 13. Bxc5 dxc5 14. Bf3 Bf5 15. Qe2 e6 16. Ne3 h5 17. Rab1 Rb8 18. h3 Bd4 19. g4 hxg4 20. hxg4 Qg5 21. Nxf5 exf5 22. c3 Rfe8 23. Qd1 Be5 24. Be2 Qh4 25. f4 Qg3+ 26. Kh1 Bxf4 27. Rxf4 Qxf4 28. gxf5 Qxf5 29. b4 Rxe2 30. Qxe2 Qxb1+ 31. Kh2 cxb4 32. cxb4 Qxb4 33. Kg2 Rd8 34. Kf3 Qc3+ 35. Kg4 Rd4+ 36. Kg5 Qg3+ 0-1

[Event "Thanksgiving op U1600"]
[Site "Toronto CAN"]
[Date "2011.10.10"]
[Round "6"]
[White "Paraparan, Varshini"]
[Black "Pishdad, Hassan"]
[Result "0-1"]
[WhiteElo "927"]
[BlackElo "1338"]
[PlyCount "88"]
[GameId "2160767909648043"]
[EventDate "2011.10.08"]
[EventType "swiss"]
[EventRounds "6"]
[EventCountry "CAN"]

1. e4 e5 2. Nf3 Nc6 3. Bb5 d6 4. O-O Nf6 5. Nc3 a6 6. Ba4 Be6 7. d3 b5 8. Bb3 Bxb3 9. axb3 Be7 10. Bg5 O-O 11. Re1 b4 12. Na2 d5 13. exd5 Nxd5 14. Bxe7 Qxe7 15. d4 e4 16. Qe2 Rfe8 17. c3 exf3 18. Qxe7 Rxe7 19. gxf3 Rae8 20. Rxe7 Rxe7 21. cxb4 Ncxb4 22. Nxb4 Nxb4 23. Ra4 Nd3 24. Rxa6 g6 25. Ra2 Re2 26. Ra7 c6 27. Rc7 Rxb2 28. Rxc6 Rxb3 29. d5 Ne5 30. Rf6 Nxf3+ 31. Kg2 Ne5 32. Ra6 Rb7 33. d6 Rd7 34. Ra8+ Kg7 35. Re8 Nc6 36. Ra8 Rxd6 37. Ra6 Rf6 38. Kf1 Ne5 39. Rxf6 Kxf6 40. Kg2 Kf5 41. Kg3 h6 42. f4 Nd3 43. Kf3 Nxf4 44. Kg3 f6 0-1

[Event "Thanksgiving op U1600"]
[Site "Toronto CAN"]
[Date "2011.10.10"]
[Round "6"]
[White "Plotkin, Rina"]
[Black "Kaneshalingam, Mathanhe"]
[Result "1-0"]
[WhiteElo "1361"]
[BlackElo "956"]
[PlyCount "129"]
[GameId "2160767909648044"]
[EventDate "2011.10.08"]
[EventType "swiss"]
[EventRounds "6"]
[EventCountry "CAN"]

1. e4 c5 2. Nf3 Nc6 3. d4 cxd4 4. Nxd4 e5 5. Nf3 Nf6 6. Bd3 Bc5 7. O-O O-O 8. Bg5 h6 9. Bh4 d6 10. h3 Be6 11. Nc3 Rc8 12. Ne2 d5 13. Ng3 a6 14. Nh5 Be7 15. Nxf6+ Bxf6 16. Bg3 dxe4 17. Bxe4 Qxd1 18. Raxd1 Rfe8 19. b3 Kh8 20. Rfe1 Rc7 21. Bd5 Bxd5 22. Rxd5 Rce7 23. a3 Kg8 24. c4 Kf8 25. b4 Kg8 26. b5 axb5 27. cxb5 Nd4 28. Nxe5 Bxe5 29. Rexe5 Rxe5 30. Bxe5 Ne6 31. a4 Ra8 32. Rd7 Rxa4 33. Rxb7 Rb4 34. b6 f6 35. Bc7 Rb1+ 36. Kh2 Nc5 37. Rb8+ Kh7 38. Rd8 Rb3 39. f3 Rb1 40. Kg3 Rb3 41. Rd5 Nb7 42. Kf4 Rb4+ 43. Kf5 Kg8 44. Ke6 Rb3 45. Kd7 Ra3 46. Kc6 Na5+ 47. Rxa5 Rxa5 48. b7 Ra6+ 49. Kb5 Ra2 50. b8=Q+ Kh7 51. Qe8 Rb2+ 52. Kc6 Rc2+ 53. Kb7 Rb2+ 54. Kc8 Rd2 55. g4 Rf2 56. Qe4+ Kh8 57. Bd6 Rb2 58. Qg6 Ra2 59. h4 Ra8+ 60. Kd7 Ra7+ 61. Ke6 Ra6 62. f4 Ra1 63. g5 Re1+ 64. Kf5 fxg5 65. Bf8 1-0

[Event "Toronto Closed"]
[Site "Toronto CAN"]
[Date "2011.01.23"]
[Round "1"]
[White "Aronov, Yuri"]
[Black "Plotkin, Victor"]
[Result "0-1"]
[WhiteElo "2313"]
[BlackElo "2403"]
[PlyCount "60"]
[GameId "2160767909812779"]
[EventDate "2011.01.23"]
[EventType "tourn"]
[EventRounds "7"]
[EventCountry "CAN"]
[SourceTitle "EXT 2022"]
[Source "ChessBase"]
[SourceDate "2021.10.06"]
[SourceVersion "1"]
[SourceVersionDate "2021.10.06"]
[SourceQuality "1"]

1. d4 Nf6 2. c4 e6 3. Nf3 b6 4. a3 Bb7 5. Nc3 d5 6. Qc2 Be7 7. cxd5 Nxd5 8. e4 Nxc3 9. bxc3 O-O 10. Bd3 c5 11. O-O Nc6 12. Bb2 Rc8 13. Qe2 g6 14. Rad1 Na5 15. Rfe1 Qc7 16. d5 c4 17. Bc2 exd5 18. exd5 Bd6 19. h4 Rcd8 20. h5 Qd7 21. Qd2 Rfe8 22. Rxe8+ Rxe8 23. Qg5 Qe7 24. Qh6 Qe2 25. Qc1 Bc5 26. hxg6 Qxf2+ 27. Kh1 hxg6 28. Bxg6 fxg6 29. Qh6 Qg3 30. Bc1 Bf8 0-1

[Event "Toronto Closed"]
[Site "Toronto CAN"]
[Date "2011.01.23"]
[Round "1"]
[White "Guo, Joshua"]
[Black "Sapozhnikov, Roman"]
[Result "1/2-1/2"]
[WhiteElo "2263"]
[BlackElo "2459"]
[PlyCount "89"]
[GameId "2160767909812781"]
[EventDate "2011.01.23"]
[EventType "tourn"]
[EventRounds "7"]
[EventCountry "CAN"]

1. e4 c5 2. c3 d6 3. d4 Nf6 4. Nd2 g6 5. Ngf3 Bg7 6. Bd3 O-O 7. O-O cxd4 8. cxd4 Nc6 9. h3 Bd7 10. Nb3 a5 11. Be3 a4 12. Nbd2 Nb4 13. Be2 Rc8 14. Ne1 Qc7 15. a3 Nc2 16. Nxc2 Qxc2 17. Qxc2 Rxc2 18. Bd1 Rc7 19. Be2 Rfc8 20. Bd3 b5 21. Nf3 Ne8 22. Rfc1 f5 23. Rxc7 Rxc7 24. exf5 gxf5 25. Rc1 e5 26. Rxc7 Nxc7 27. Bc2 e4 28. Nd2 Ne6 29. d5 Nc7 30. b3 Nxd5 31. bxa4 bxa4 32. Nc4 Be5 33. Nxe5 Nxe3 34. fxe3 dxe5 35. g4 Kg7 36. gxf5 Bc6 37. Kf2 Kf6 38. Bd1 Kxf5 39. Bg4+ Kf6 40. Bc8 Ke7 41. h4 Kd6 42. Ke1 Bd7 43. Bb7 Bc6 44. Bc8 Bd7 45. Bb7 1/2-1/2

[Event "Toronto Closed"]
[Site "Toronto CAN"]
[Date "2011.01.30"]
[Round "2"]
[White "Birarov, Vladimir"]
[Black "Guo, Joshua"]
[Result "1-0"]
[WhiteElo "2257"]
[BlackElo "2263"]
[PlyCount "55"]
[GameId "2160767909812784"]
[EventDate "2011.01.23"]
[EventType "tourn"]
[EventRounds "7"]
[EventCountry "CAN"]

1. d4 Nf6 2. c4 g6 3. Nc3 Bg7 4. e4 d6 5. f3 O-O 6. Be3 a6 7. Qd2 Nbd7 8. O-O-O b5 9. h4 Bb7 10. h5 b4 11. Nb1 c5 12. d5 Qa5 13. b3 Rfe8 14. hxg6 fxg6 15. Bh6 Bh8 16. g4 e6 17. dxe6 Rxe6 18. Bh3 Nxe4 19. fxe4 Bc3 20. Qf2 Bxe4 21. Bg2 Rae8 22. Nf3 Bxb1 23. Ng5 Rf6 24. Bd5+ Kh8 25. Bg7+ Kxg7 26. Rxh7+ Kf8 27. Rf7+ Kg8 28. Rxf6+ 1-0

[Event "Toronto Closed"]
[Site "Toronto CAN"]
[Date "2011.01.30"]
[Round "2"]
[White "Plotkin, Victor"]
[Black "Sapozhnikov, Roman"]
[Result "1-0"]
[WhiteElo "2403"]
[BlackElo "2459"]
[PlyCount "89"]
[GameId "2160767909812786"]
[EventDate "2011.01.23"]
[EventType "tourn"]
[EventRounds "7"]
[EventCountry "CAN"]
[SourceTitle "EXT 2022"]
[Source "ChessBase"]
[SourceDate "2021.10.06"]
[SourceVersion "1"]
[SourceVersionDate "2021.10.06"]
[SourceQuality "1"]

1. e4 e5 2. Nf3 Nc6 3. Bc4 Bc5 4. O-O Nf6 5. d3 a6 6. h3 Ba7 7. a4 d6 8. Nc3 h6 9. Be3 O-O 10. Bxa7 Rxa7 11. d4 exd4 12. Nxd4 Ne5 13. Ba2 c5 14. Nf3 Nxf3+ 15. Qxf3 Be6 16. Rad1 Qb6 17. Bxe6 fxe6 18. b3 Raa8 19. Rd2 Rad8 20. Rfd1 Qa5 21. Qe3 Ne8 22. Ne2 Nc7 23. Nf4 Qb6 24. Ng6 Rfe8 25. Qg3 d5 26. Rd3 Qd6 27. e5 Qd7 28. Qh4 b5 29. Rg3 bxa4 30. bxa4 d4 31. Nf4 Kh8 32. Nh5 g5 33. Qe4 Nd5 34. Rdd3 Qh7 35. Qe2 Rf8 36. Rdf3 Qg6 37. Nf6 Nxf6 38. exf6 Rxf6 39. Rxf6 Qxf6 40. Rf3 d3 41. cxd3 Qa1+ 42. Kh2 Re8 43. Rf7 Kg8 44. Qh5 Qe5+ 45. g3 1-0

[Event "Toronto Closed"]
[Site "Toronto CAN"]
[Date "2011.02.27"]
[Round "3"]
[White "Sapozhnikov, Roman"]
[Black "Birarov, Vladimir"]
[Result "0-1"]
[WhiteElo "2459"]
[BlackElo "2257"]
[PlyCount "126"]
[GameId "2160767909812790"]
[EventDate "2011.01.23"]
[EventType "tourn"]
[EventRounds "7"]
[EventCountry "CAN"]
[SourceTitle "EXT 2022"]
[Source "ChessBase"]
[SourceDate "2021.10.06"]
[SourceVersion "1"]
[SourceVersionDate "2021.10.06"]
[SourceQuality "1"]

1. e4 c5 2. Nf3 Nc6 3. d4 cxd4 4. Nxd4 Nf6 5. Nc3 e5 6. Ndb5 d6 7. Bg5 a6 8. Na3 b5 9. Nd5 Be7 10. Bxf6 Bxf6 11. c4 b4 12. Nc2 Rb8 13. b3 O-O 14. g3 g6 15. Bg2 Bg7 16. O-O Kh8 17. Qd2 a5 18. Rad1 Be6 19. f4 f5 20. exf5 Bxf5 21. Nde3 Qb6 22. Kh1 exf4 23. Nxf5 Rxf5 24. gxf4 Rd8 25. Be4 Rh5 26. Bf3 Rh4 27. Qd5 Ne7 28. Qg5 Nf5 29. c5 Qc7 30. cxd6 Rxd6 31. Rxd6 Qxd6 32. Rd1 Bf6 33. Qxh4 Qxd1+ 34. Bxd1 Bxh4 35. Bg4 Nd6 36. Nd4 Ne4 37. Nc6 Nf2+ 38. Kg2 Nxg4 39. Kh3 h5 40. Kxh4 Nxh2 41. Nxa5 Nf3+ 42. Kg3 Nd4 43. Nc4 Kg7 44. Kf2 Kf6 45. Nb2 Kf5 46. Nd3 Nc6 47. Kf3 h4 48. Nf2 Nd4+ 49. Kg2 Kxf4 50. Nd3+ Ke4 51. Nxb4 g5 52. Kh3 Nf5 53. Nc2 Kf4 54. a4 g4+ 55. Kh2 Kf3 56. Ne1+ Kf2 57. Nd3+ Kf1 58. Nf4 Nd4 59. a5 Nf3+ 60. Kh1 g3 61. Ng2 h3 62. Ne3+ Ke2 63. Ng2 Kf2 0-1

[Event "Toronto Closed"]
[Site "Toronto CAN"]
[Date "2011.03.06"]
[Round "4"]
[White "Aronov, Yuri"]
[Black "Guo, Joshua"]
[Result "1/2-1/2"]
[WhiteElo "2313"]
[BlackElo "2263"]
[PlyCount "109"]
[GameId "2160767909812791"]
[EventDate "2011.01.23"]
[EventType "tourn"]
[EventRounds "7"]
[EventCountry "CAN"]

1. d4 Nf6 2. c4 g6 3. Nc3 Bg7 4. e4 d6 5. Be2 O-O 6. Nf3 Bg4 7. Be3 Nfd7 8. O-O c5 9. d5 Na6 10. Qd2 Nc7 11. h3 Bxf3 12. Bxf3 a6 13. a4 Re8 14. Ra3 e6 15. Rb3 exd5 16. exd5 Rb8 17. Bg5 Bf6 18. Bf4 Ne5 19. Be2 b6 20. Ne4 Bg7 21. Re1 Qd7 22. Bg5 f5 23. Nf6+ Bxf6 24. Bxf6 b5 25. f4 Nxc4 26. Bxc4 Rxe1+ 27. Qxe1 Rf8 28. Qe7 Qxe7 29. Bxe7 Re8 30. Bxd6 bxc4 31. Rb7 Nxd5 32. Be5 Re7 33. Rb8+ Kf7 34. Rh8 h5 35. Ra8 Nb4 36. Bc3 Nd5 37. Be5 Nb4 38. a5 Rd7 39. Kf1 Rd1+ 40. Ke2 Ra1 41. Ra7+ Ke6 42. Rg7 Rxa5 43. Rxg6+ Kd7 44. Rf6 Nd3 45. Bc3 Ra2 46. Rxf5 Nxb2 47. Rd5+ Ke6 48. Rd2 Na4 49. Be5 Rxd2+ 50. Kxd2 Nb6 51. g4 hxg4 52. hxg4 Nd5 53. Bb8 Nf6 54. Kc3 Nxg4 55. Kxc4 1/2-1/2

[Event "Toronto Closed"]
[Site "Toronto CAN"]
[Date "2011.03.08"]
[Round "4"]
[White "Moffat, Andrei"]
[Black "Sapozhnikov, Roman"]
[Result "0-1"]
[WhiteElo "2248"]
[BlackElo "2459"]
[PlyCount "90"]
[GameId "2160767909812793"]
[EventDate "2011.01.23"]
[EventType "tourn"]
[EventRounds "7"]
[EventCountry "CAN"]
[SourceTitle "EXT 2022"]
[Source "ChessBase"]
[SourceDate "2021.10.06"]
[SourceVersion "1"]
[SourceVersionDate "2021.10.06"]
[SourceQuality "1"]

1. e4 c5 2. Nf3 d6 3. d4 cxd4 4. Nxd4 Nf6 5. Nc3 a6 6. Bc4 e6 7. Bb3 Nbd7 8. g4 Nc5 9. Qe2 h6 10. g5 hxg5 11. Bxg5 Be7 12. f4 Nh5 13. Qe3 e5 14. Nf5 Bxf5 15. exf5 Nxb3 16. axb3 f6 17. O-O-O fxg5 18. fxe5 Kf8 19. Kb1 Nf4 20. h4 Kg8 21. f6 gxf6 22. exf6 Bxf6 23. hxg5 Rxh1 24. Rxh1 Be5 25. Ne4 Qe7 26. Nf6+ Bxf6 27. Qxf4 Be5 28. Qc4+ Qf7 29. Qe4 Re8 30. g6 Qe7 31. Qd5+ Qe6 32. Qxb7 Qxg6 33. Qxa6 Bg7 34. Qc4+ Qf7 35. Rd1 Qxc4 36. bxc4 Be5 37. Rd5 Rb8 38. b3 Kf7 39. Kc1 Ke6 40. Kd2 Rh8 41. Ra5 Rh2+ 42. Kd3 Rh3+ 43. Ke2 Kf5 44. c5 d5 45. Ra4 Rc3 0-1

[Event "Toronto Closed"]
[Site "Toronto CAN"]
[Date "2011.03.08"]
[Round "4"]
[White "Plotkin, Victor"]
[Black "Birarov, Vladimir"]
[Result "1-0"]
[WhiteElo "2403"]
[BlackElo "2257"]
[PlyCount "79"]
[GameId "2160767909812794"]
[EventDate "2011.01.23"]
[EventType "tourn"]
[EventRounds "7"]
[EventCountry "CAN"]
[SourceTitle "EXT 2022"]
[Source "ChessBase"]
[SourceDate "2021.10.06"]
[SourceVersion "1"]
[SourceVersionDate "2021.10.06"]
[SourceQuality "1"]

1. e4 c5 2. c3 Nf6 3. e5 Nd5 4. d4 Nc6 5. Nf3 d6 6. Bc4 dxe5 7. dxe5 Be6 8. Qe2 Qc7 9. O-O g6 10. Rd1 Rd8 11. Ng5 Bg7 12. f4 O-O 13. Na3 a6 14. g3 b5 15. Nxe6 fxe6 16. Bd3 b4 17. cxb4 Ndxb4 18. Be3 Nd4 19. Bxd4 Rxd4 20. Bc4 Qb6 21. Nc2 Nxc2 22. Qxc2 g5 23. fxg5 Bxe5 24. Rf1 Rdd8 25. Qe4 Qxb2 26. Bxe6+ Kg7 27. Rae1 Bd4+ 28. Kh1 Rf2 29. Rxf2 Bxf2 30. Bf5 Rf8 31. Qxe7+ Rf7 32. Qe5+ Qxe5 33. Rxe5 Bd4 34. Rd5 Re7 35. h4 a5 36. a4 h6 37. gxh6+ Kxh6 38. Kg2 Re3 39. Rd7 Bg7 40. g4 1-0